Análisis de los sistemas de captura y procesamiento de información para la toma de decisiones en el manejo de los insectos defoliadores de la palma de aceite en Colombia. (Registro nro. 26552)

Detalles MARC
000 -ENCABEZADO
Número de control [NR] 04879nam a22003977i 4500
001 - NÚMERO DE CONTROL
control field B-12135
003 - IDENTIFICADOR DE CONTROL NÚMERO
control field CO-BoFNCP
007 - CAMPO DESCRIPCIÓN FÍSICA FIJA - INFORMACIÓN GENERAL
fixed length control field t||
008 - DE LONGITUD FIJA DE DATOS DE ELEMENTOS - INFORMACIÓN GENERAL
Elementos de longitud fija [NR] 090806s2009 ck r spa d
040 ## - FUENTE DE CATALOGACION [NR]
Agencia de catalogación original [NR] CO-BoFNCP
Idioma de catalogación [NR] Español
Quien Cataloga CO-BoFNCP
Convenciones de la descripción [NR] rda
041 ## - CODIGO DE IDIOMA [R]
Código de idioma para texto/pista de sonido o título separado [R] Español
043 ## - CODIGO DE AREA GEOGRAFICA [NR]
Código de área geográfica [R] ck
084 ## - OTRO NUMERO DE CLASIFICACION [R]
Número clasificador [R] A-
100 1# - ASIENTO PRINCIPAL--NOMBRE PERSONAL [NR]
Nombre personal [NR] Araque T., Leonardo
ID Autoridad 41868,
Término relacionador [R] autor.
Relator code aut
245 10 - MENCION DE TITULO [NR]
Título [NR] Análisis de los sistemas de captura y procesamiento de información para la toma de decisiones en el manejo de los insectos defoliadores de la palma de aceite en Colombia.
246 2# - FORMA VARIANTE DEL TITULO [R]
Título propiamente dicho/forma breve del título [NR] Analysis of the information capture and processing systems for decision-making in the management of leaf-eating insects on palm oil plantations in Colombia
264 #4 - PRODUCCIÓN, PUBLICACIÓN, DISTRIBUCIÓN, FABRICACIÓN Y COPYRIGHT
Fecha de producción, publicación, distribución, fabricación o copyright ©2009
300 ## - DESCRIPCION FISICA [R]
Extensión [R] páginas 53-67 :
Otros detalles físicos [NR] Gráficos.
336 ## - TIPO DE CONTENIDO
Término de tipo de contenido texto
Código de tipo de contenido txt
Fuente rdacontent
337 ## - TIPO DE MEDIO
Nombre/término del tipo de medio sin mediación
Código del tipo de medio n
Fuente rdamedia
338 ## - TIPO DE SOPORTE
Nombre/término del tipo de soporte volumen
Código del tipo de soporte nc
Fuente rdacarrier
500 ## - NOTA GENERAL [R]
Nota general [NR] Contiene resumen en español e inglés.
504 ## - NOTA DE BIBLIOGRAFIA, ETC. [R]
Nota de bibliografía, etc. [NR] Incluye referencias bibliográficas.
520 ## - NOTA DE RESUMEN, ETC. [R]
Nota de sumario, etc. [NR] Defoliator insects in oil palm are a decisive factor in the competitiveness of the sector, due to the fact that they exert a high pressure on the production and the use of inputs. For the management of pests is necessary to quantify the population density of individuals, since these data are defined on the responses of control including different management alternatives. Therefore, to standardize the quality of operational processes will validate technologies at the regional level to reduce costs to the plantations. This work emphasizes the pattern of regular activities to capture, processing and analysis, under the criteria of precision agriculture in the management of an oil palm plant health program. The methodology by conducting a questionnaire to the different profiles involved in a health program, located in seven plantations spread over the four palms zones. The survey process involves twenty-one "factors of decision analysis," which can identify the choice of tactics, strategies and operations associated with management of plant health problems. In the construction of model that identifies stages of acquisition and processing, are more susceptible to inconsistencies due to the greater human manipulation, and the flexibility of the formats used for recording and processing of records from the samples. Based on this model and its associated problems, was designed a generic data acquisition in the field through mobile pda to improve the quality of its processes to: a) reduce the errors due to manipulation of digital data, b) establish standards for the traceability of quality, c) reduce time and costs associated with the process of transferring information.
520 ## - NOTA DE RESUMEN, ETC. [R]
Nota de sumario, etc. [NR] Las plagas defoliadoras de la palma de aceite impactan negativamente la competitividad del sector, debido a que ocasionan disminuciones en la producción, aumento en el uso de insumos y, por consiguiente, incremento en los costos. Para controlarlas, es necesario cuantificar sus densidades poblacionales. Cenipalma orientó la realización del presente trabajo al montaje de un modelo de captura periódica, procesamiento y análisis de información, basado en criterios de agricultura de precisión, para el monitoreo y manejo de la sanidad vegetal de una plantación de palma de aceite. La metodología partió de un cuestionario dirigido a los distintos involucrados en un programa de sanidad, en siete plantaciones de las cuatro zonas palmeras de Colombia. Involucró 21 "factores de análisis de decisión", los cuales permitieron identificar tácticas, estrategias y actividades para tratar los problemas fitosanitarios. Durante la construcción del modelo se identificó que las fases de adquisición y procesamiento de la información son susceptibles a presentar inconsistencias, debido a manipulación humana, flexibilidad de los formatos utilizados para el registro y tratamiento de la información proveniente de los muestreos. Basados en este modelo y considerando su problemática asociada, se diseñó una propuesta genérica de adquisición de datos en el campo mediante equipos móviles denominados pda (asistente personal digital, por su sigla en inglés), con el fin de disminuir los errores en la captura y la manipulación de los datos, establecer estándares para la trazabilidad de la calidad, y reducir el tiempo y los costos del proceso de transferencia de información.
650 #0 - ASIENTO SECUNDARIO DE MATERIA - TERMINO TEMATICO [R]
Término temático o nombre geográfico como elemento de entrada [NR] Agricultura de precisión.
9 (RLIN) 809
650 #0 - ASIENTO SECUNDARIO DE MATERIA - TERMINO TEMATICO [R]
Término temático o nombre geográfico como elemento de entrada [NR] Factores de análisis de decisión
9 (RLIN) 32374.
650 #0 - ASIENTO SECUNDARIO DE MATERIA - TERMINO TEMATICO [R]
Término temático o nombre geográfico como elemento de entrada [NR] Manejo integrado de plagas
9 (RLIN) 30521.
650 #0 - ASIENTO SECUNDARIO DE MATERIA - TERMINO TEMATICO [R]
Término temático o nombre geográfico como elemento de entrada [NR] Modelo de flujo de información
9 (RLIN) 33927.
650 #0 - ASIENTO SECUNDARIO DE MATERIA - TERMINO TEMATICO [R]
Término temático o nombre geográfico como elemento de entrada [NR] Insectos defoliadores.
9 (RLIN) 30448
650 #0 - ASIENTO SECUNDARIO DE MATERIA - TERMINO TEMATICO [R]
Término temático o nombre geográfico como elemento de entrada [NR] Palma de aceite
9 (RLIN) 37678.
700 1# - ASIENTO SECUNDARIO - NOMBRE PERSONAL [R]
Nombre personal [NR] Forero, Diana C.
9 (RLIN) 41483.
773 0# - ASIENTO DEL ITEM FUENTE [R]
Asiento principal [NR] Palmas (Colombia)
Información sobre la relación [R] v. 30, no. 1 (2009), p.53-67
Número de control del registro [R] A-
Número Internacional Normalizado para Publicaciones Seriadas - ISSN [NR] 0121-2923
942 ## - ELEMENTOS DE ENTRADA AGREGADOS (KOHA)
Sistema de clasificación Local
Tipo de ítem principal el descrito en 300a Artículo
999 ## - NÚMEROS DE SISTEMAS DE CONTROL (KOHA)
Koha biblionumber 26552
Existencias
Estado de retiro (OPAC) Perdido Sistema de clasificación Dañado No prestable Ubicación habitual Ubicación actual Fecha de creación Total préstamos Signatura topográfica Código de barras Última vez visto Ejemplar Price effective from Tipo de ítem
    Local     1 - CID Palmero Bogotá 1 - CID Palmero Bogotá 10/21/2013   A- R-12135 10/21/2013 Ej. 1 10/21/2013 Artículo